Central Library OPAC University of Rajshahi

Problems of national strategy : (Record no. 46263)

MARC details
000 -LEADER
fixed length control field 00697nam a2200217 a 4500
001 - CONTROL NUMBER
control field 46263
003 - CONTROL NUMBER IDENTIFIER
rucl marc code BD-RjUL
005 - DATE AND TIME OF LATEST TRANSACTION
control field 20211209054128.0
008 - FIXED-LENGTH DATA ELEMENTS--GENERAL INFORMATION
fixed length control field 161119s1968 nyu b 000 0 engm
035 ## - SYSTEM CONTROL NUMBER
System control number (BD-RjUL)46381
040 ## - CATALOGING SOURCE
Original cataloging agency DLC
Transcribing agency MHR
Modifying agency BD-RjUL
Language of cataloging eng
041 ## - LANGUAGE CODE
Language code of text/sound track or separate title eng
082 ## - DEWEY DECIMAL CLASSIFICATION NUMBER
Edition number 23
Classification number 355.0330973
Author mark and year PRO 1968
245 00 - TITLE STATEMENT
Title Problems of national strategy :
Remainder of title a book of readings /
Statement of responsibility, etc. edited by Henry A. Kissinger.
260 ## - PUBLICATION, DISTRIBUTION, ETC. (IMPRINT)
Place of publication, distribution, etc. New York :
Name of publisher, distributor, etc. Frederick A. Praeger.,
Date of publication, distribution, etc. c1965 [ Reprint 1968]
300 ## - PHYSICAL DESCRIPTION
Pagination ix, 477 p. ;
Size 21 cm.
651 #0 - SUBJECT ADDED ENTRY--GEOGRAPHIC NAME
Geographic name United States
General subdivision Military policy.
9 (RLIN) 125598
Geographic name United States
General subdivision Defenses.
9 (RLIN) 129764
700 ## - ADDED ENTRY--PERSONAL NAME
Personal name Kissinger, Henry A.
942 ## - ADDED ENTRY ELEMENTS (KOHA)
Source of classification or shelving scheme Dewey Decimal Classification
Koha item type Books
Holdings
Lost status Source of classification or shelving scheme Damaged status Not for loan Collection code Permanent Location Current Location Shelving location Date acquired Source of acquisition Cost, normal purchase price Total Checkouts Full call number Date last seen Copy number Koha item type
  Dewey Decimal Classification     Non-fiction Central Library, University of Rajshahi Central Library, University of Rajshahi   07/09/1972 sweit & zeitlinger 3.90   355.0330973 PRO 1968 19/11/2016 C-2 Books